| 000 | 00538nam a22002057a 4500 | ||
|---|---|---|---|
| 003 | OSt | ||
| 005 | 20140310181917.0 | ||
| 008 | 130716t xxu||||| |||| 00| 0 eng d | ||
| 020 | _a9812042318 | ||
| 050 |
_aPL 1273 _b.T161 2002 |
||
| 082 |
_aTR 495.131 _bT15 2002 |
||
| 100 |
_aTan, Huay Peng _91068 |
||
| 245 |
_aChinese idioms. / _cTan Huay Peng. |
||
| 300 |
_a143p. : ill. ; _c18 cm. |
||
| 521 | _aFaculty | ||
| 541 | _j1 | ||
| 562 | _e1 | ||
| 650 | _2 Chinese language--Idioms.--I. Title. | ||
| 942 |
_2lcc _cBK-TR _kTR |
||
| 999 |
_c6795 _d6795 |
||